Odhaľovanie falošných správ na sociálnych sieťach

Na minha lista:
Detalhes bibliográficos
Autor principal: Štrbák, Denis (Author)
Outros Autores: Petrík, Juraj (Thesis advisor)
Formato: Manuscrito Livro
Idioma:eslovaco
Publicado em: 2025
Assuntos:
Acesso em linha:http://is.stuba.sk/zp/portal_zp.pl?podrobnosti=177171
Tags: Adicionar Tag
Sem tags, seja o primeiro a adicionar uma tag!

MARC

LEADER 00000ntm a22000003a 4500
001 stuzp100163
003 SK-STU
005 20250607210331.0
007 ta
008 150427s2015----xo-----f-mn---000-0-slo-d
040 |a STU  |b slo 
041 0 |a slo 
100 1 |a Štrbák, Denis  |u 070200  |4 aut  |U FIIT Fakulta informatiky a informačných technológií  |T FIIT Ústav informatiky, informačných systémov a softvérového inžinierstva  |X 98879  |U I200  |Y 179  |7 98879 
242 0 1 |a Detecting fake news on social media  |y eng 
245 1 0 |a Odhaľovanie falošných správ na sociálnych sieťach 
260 |c 2025 
650 4 |a neural network  |2 eng 
650 4 |a ensemble methods  |2 eng 
650 4 |a classification  |2 eng 
650 4 |a machine learning  |2 eng 
650 4 |a strojové učenie  |2 slo 
650 4 |a klasifikácia  |2 slo 
650 4 |a ensembling  |2 slo 
650 4 |a neurónová sieť  |2 slo 
700 1 |a Petrík, Juraj  |u 070200  |k Z3  |4 ths  |U FIIT Fakulta informatiky a informačných technológií  |T FIIT Ústav informatiky, informačných systémov a softvérového inžinierstva  |X 5731  |U I200  |Y 179  |7 A000005731 
856 4 |u http://is.stuba.sk/zp/portal_zp.pl?podrobnosti=177171